Polacy w Harbin - wielokrotny wybór - Statystyki

Ogólne statystyki
  • Ten quiz został rozwiązany 45 razy
  • Średni wynik to 4 z 10
Statystyki odpowiedzi
Zagadnienie Odpowiedź % Poprawnych
Jaka narodowość również posiadała duże skupiska ludności w Harbin w tamtych czasach? (właściwie teraz też) Rosjanie
74%
Czy Polacy założyli Harbin? Tak
67%
Dlaczego Polacy zaczęli opuszczać miasto? Po zawarciu przez Rosję i Chiny umowy, według której na Kolei Wschodniochińskiej mogli pracować tylko obywatele tych krajów
53%
W którym roku z Harbinu wyjechał ostatni Polak tworzący Polonię w tym mieście? (aktualnie można tam ich spotkać, ale jest to raczej rzadkość) 1993
44%
Jaką nazwę nosiła Katedra Najświętszego Serca Jezusa w Harbinie za czasów Polaków? Kościół św. Stanisława
42%
W 1963 r. rozwiązano Zrzeszenie Obywateli Polskich w Chinach. Ile Polaków wtedy zostało w Harbin? 18
40%
Jak nazywał się ten Polak? Edward Stokalski
33%
W czasie rewolucji kulturalnej (1966–1976) ofiarą hunwejbinów padł cmentarz, na którym spoczywali Polacy. Jaką nazwę nosi cmentarz, na który przeniesione część grobów? Huangshan
33%
Jaka gazeta nie była wydawana w Harbinie? Polski Miesięcznik Harbiński
26%
Harbin jest obecnie miastem partnerskim jednego z polskich miast. Jakiego? Warszawy
21%
Nie znaleziono quizów pasujących do podanych kryteriów
Rozkład punktacji
Procent ludzi z każdym wynikiem
Percentyl według liczby udzielonych odpowiedzi
Twoja historia wyników
Nie rozwiązałeś tego quizu